| 000 | 01284nam a2200241Ii 4500 | ||
|---|---|---|---|
| 003 | JO-AjNU | ||
| 005 | 20240624091125.0 | ||
| 008 | 230605s9999||||xx |||||||||||||| ||und|| | ||
| 040 |
_aJO-AjNU _bara _erda _cJO-AjNU |
||
| 041 | _aara | ||
| 050 | 1 | 4 | _aBP940 2021 |
| 100 | 1 |
_aالغروف،ازهار باسم محمد _eمعد _965488 |
|
| 245 | 2 | 0 |
_aالعوامل الداخلية المؤثرة في تحسين المسؤولية الاجتماعية في المصارف الاسلامية الأردنية=internal Factors Affecting the improvement of Social Responsibility in jordanian islamic Banks _cاعداد ازهار باسم محمد الغروف ؛ إشراف قاسم محمد ابو عيد |
| 260 | _c2021 | ||
| 300 | _a105 ورقة | ||
| 336 |
_atext _btxt _2rdacontent |
||
| 337 |
_aunmediated _bn _2rdamedia |
||
| 338 |
_avolume _bnc _2rdacarrier |
||
| 500 | _aرسالة جامعية(اطروحة ماجستير) تخصص المصارف الاسلامية/كلية ادارة الاعمال/ جامعة عجلون الوطنية، 2021، تحتوي على جدوال توضيحية | ||
| 650 | 7 |
_aالبنوك الاسلامية- المسؤلية الاجتماعية _961179 |
|
| 700 | 1 |
_aابو عيد، قاسم موسى _965489 _eمشرف |
|
| 942 |
_2lcc _cTHS |
||
| 999 |
_c31204 _d31204 |
||